[Event "4NCL 2019-20"]
[Site "Daventry"]
[Date "2020.02.08"]
[Round "5"]
[White "Navarro Cia, Miguel"]
[Black "Derakhshani, Borna"]
[Result "0-1"]
[WhiteElo "2256"]
[BlackElo "2354"]
[Annotator "TA"]
[PlyCount "130"]
[EventDate "2020.01.11"]
[EventCountry "ENG"]
[SourceTitle "playchess.com"]
[Source "ChessBase"]
[SourceQuality "1"]

{[%evp 13,130,13,33,-72,-75,-72,-73,-58,-75,-75,-46,-40,-6,-68,-59,-77,-67,-64,-65,-74,-92,-86,-86,-87,-78,-79,-75,-66,-68,-83,-66,-68,-30,-41,-33,-41,1,0,0,-14,0,-25,-26,-23,-34,-44,-44,-35,-12,-75,-73,-76,-35,-27,-45,-45,-33,-55,-18,-64,-69,-59,-32,-34,-20,-82,-9,-11,-9,-11,0,-11,0,0,0,-8,-8,-31,-32,-34,-36,-82,0,-39,0,-7,0,-26,-20,-105,-102,-117,-102,-228,-118,-129,-102,-97,-95,-93,-100,-274,-256,-410,-270,-259,-251,-243,-208,-214,-202,-1389,-1244,-1372,-1630,-1447,-941,-12850,-12850]} 1. d4 Nf6 2. c4 g6 3. Nc3 d5 4. Bf4 Bg7 5. e3 c6 6. h3 O-O 7. Nf3 Qa5 8. Qa4 {D93: Grünfeld: 4 Nf3 Bg7 5 Bf4 0-0 6 e3.} (8. a3 $14 {stays ahead.}) 8... Qxa4 $17 9. Nxa4 dxc4 $1 10. Nc3 {Black is better.} b5 11. a4 Bd7 {[#]} 12. Ne5 $146 ({Predecessor:} 12. Be2 Nd5 13. Bg3 Nxc3 14. bxc3 c5 15. axb5 Bxb5 16. Nd2 cxd4 17. exd4 Nd7 18. Bf3 {½-½ (69) Hoang,T-Le,T (2182) Dong Thap 2003}) 12... a6 13. Be2 ({White should try} 13. axb5 $11 cxb5 14. Be2) 13... Nd5 $15 14. Bg3 f6 15. Nf3 Be6 16. axb5 Nxc3 $1 17. bxc3 {Strongly threatening b6.} cxb5 18. e4 Nd7 {[%cal Bb8d7,Bd7b6,Bb6a4][%mdl 32]} 19. O-O Nb6 20. Bc7 Na4 21. Ba5 Rfb8 22. Rfb1 Nb6 23. d5 Bf7 24. Nd4 Nd7 (24... f5 $5 25. f3 Bxd4+ 26. cxd4 Nd7 $11) 25. Nc6 Re8 26. Bb4 Bf8 27. Ra5 e6 28. d6 Rec8 $1 {[%cal Rc8c6]} 29. Ne7+ Bxe7 $1 30. dxe7 Nc5 31. Bxc5 (31. e5 $11 {remains equal.} Kg7 32. Rd1) 31... Rxc5 $17 32. Rba1 Re8 33. Rxa6 Rxe7 34. Rb6 Kg7 35. Raa6 Re5 36. Bf3 Be8 37. g3 Kf7 38. Bg2 Rc5 39. f4 (39. Kf1 $11 {keeps the balance.}) 39... Bd7 (39... Rcc7 $17) 40. h4 $11 Bc8 41. Ra5 Bd7 42. Raa6 Rc8 43. Kf2 Rd8 44. Rd6 Rb8 45. Rdb6 Rxb6 46. Rxb6 $15 {[%mdl 4096] Endgame KRB-KRB} e5 47. Ke3 Kg7 ({Better is} 47... Be8 $17) 48. Rb7 Rf7 49. Rb6 Re7 50. Rb7 {Black must now prevent Bh3!} Kf8 51. Rb6 (51. Bf3 $11) 51... Re6 $1 $17 52. Rb8+ Be8 53. Rb7 (53. Bf3 $17) 53... Rd6 (53... Ra6 $1 $19 54. fxe5 fxe5) 54. Bf1 Rd1 55. Be2 Rg1 56. fxe5 fxe5 ({Don't play} 56... Rxg3+ $6 57. Kf2 $11) 57. Rxh7 $2 (57. g4 $17 {is the only way for White.}) 57... Rxg3+ $19 58. Kd2 $2 (58. Bf3 Rh3 59. Rh8+ Ke7 60. Rh7+ Bf7 61. Rh8) 58... Bf7 {...Kg8 is the strong threat.} 59. h5 {[#]} b4 $1 {[%cal Rb4c3][%mdl 512]} 60. cxb4 {[#]} c3+ $1 61. Kc2 Rg2 $1 {[%csl LRe2,LRh5]} 62. hxg6 $2 (62. Kd3 Bc4+ 63. Kxc3 Bxe2 64. hxg6 Rxg6 65. Rd7) 62... Bxg6 {Black is clearly winning.} 63. Rc7 Rxe2+ 64. Kxc3 Bxe4 {( -> ...Rc2+)} 65. b5 Rc2+ {Accuracy: White = 58%, Black = 75%.} 0-1

[Event "4NCL 2019-20"]
[Site "Daventry"]
[Date "2020.02.08"]
[Round "5"]
[White "Abbas, Daniel"]
[Black "Pert, Nicholas"]
[Result "0-1"]
[WhiteElo "2251"]
[BlackElo "2558"]
[Annotator "ChessBase"]
[PlyCount "86"]
[EventDate "2020.01.11"]
[EventCountry "ENG"]
[SourceTitle "playchess.com"]
[Source "ChessBase"]
[SourceQuality "1"]
[TimeControl "40/6000:3000+30"]

1. e4 {[%emt 0:00:00]} c5 {[%emt 0:00:21]} 2. Nf3 {[%emt 0:00:00]} Nc6 {[%emt 0:00:00]} 3. Bb5 {[%emt 0:00:00]} g6 {[%emt 0:00:00]} 4. Bxc6 {[%emt 0:00:00]} dxc6 {[%emt 0:00:00]} 5. d3 {[%emt 0:00:00]} Bg7 {[%emt 0:00:00]} 6. h3 {[%emt 0:00:00]} Nf6 {[%emt 0:00:00]} 7. Nc3 {[%emt 0:00:00]} Nd7 {[%emt 0:00:00]} 8. Be3 {[%emt 0:00:00]} e5 {[%emt 0:00:00]} 9. O-O {[%emt 0:00:00]} b6 {[%emt 0:00:00]} 10. Nh2 {[%emt 0:00:00]} Nf8 {[%emt 0:00:43]} 11. f4 exf4 12. Rxf4 {[%emt 0:00:00]} Be6 {[%emt 0:01:14]} 13. Rf2 {[%emt 0:04:40]} Qe7 {[%emt 0:13:32]} 14. a4 {[%emt 0:03:36]} Nd7 {[%emt 0:04:15]} 15. Qd2 {[%emt 0:04:55]} h6 {[%emt 0:04:08]} 16. Nf3 {[%emt 0:05:47]} O-O-O {[%emt 0:08:44]} 17. a5 {[%emt 0:11:09]} b5 {[%emt 0:00:00]} 18. d4 {[%emt 0:05:56]} cxd4 {[%emt 0:02:58]} 19. Nxd4 {[%emt 0:00:00]} Nb8 {[%emt 0:17:54]} 20. Rf3 {[%emt 0:20:56]} c5 {[%emt 0:08:40]} 21. Ncxb5 {[%emt 0:00:00]} a6 {[%emt 0:03:28]} 22. Qf2 {[%emt 0:02:07]} cxd4 {[%emt 0:01:08]} 23. Bxd4 {[%emt 0:03:52]} Bxd4 {[%emt 0:01:42]} 24. Nxd4 {[%emt 0:00:00]} Rd7 {[%emt 0:03:10]} 25. Raa3 {[%emt 0:06:34]} Rhd8 {[%emt 0:06:27]} 26. Rfd3 {[%emt 0:09:18]} Bc4 {[%emt 0:02:15]} 27. Rac3 {[%emt 0:02:24]} Rc7 {[%emt 0:00:00]} 28. Rf3 {[%emt 0:00:00]} Qxe4 {[%emt 0:01:59]} 29. Rf4 {[%emt 0:00:58]} Qe5 {[%emt 0:01:00]} 30. Re3 {[%emt 0:02:13]} Qxa5 {[%emt 0:00:07]} 31. b3 {[%emt 0:00:37]} Bd5 {[%emt 0:04:27]} 32. Re5 {[%emt 0:01:55]} Qc3 {[%emt 0:03:08]} 33. Re3 {[%emt 0:00:03]} Qc5 {[%emt 0:00:00]} 34. c4 {[%emt 0:01:48]} g5 {[%emt 0:02:01]} 35. Rf5 {[%emt 0:01:44]} Qxd4 {[%emt 0:00:10]} 36. cxd5 {[%emt 0:00:15]} Rxd5 {[%emt 0:00:37]} 37. Rxd5 {[%emt 0:01:06]} Qxd5 {[%emt 0:00:00]} 38. Qf6 {[%emt 0:00:00]} Qc5 {[%emt 0:00:31]} 39. Qf2 {[%emt 0:00:00]} Re7 {[%emt 0:01:59]} 40. Rxe7 {[%emt 0:00:00]} Qxe7 {[%emt 0:00:00]} 41. Qd4 {[%emt 0:50:06]} Qe6 {[%emt 0:49:54]} 42. b4 {[%emt 0:00:24]} Kb7 {[%emt 0:00:23]} 43. Kh1 {[%emt 0:00:14]} Nc6 {[%emt 0:00:04]} 0-1

[Event "4NCL 2019-20"]
[Site "Daventry"]
[Date "2020.02.08"]
[Round "5"]
[White "Chapman, Terry P D"]
[Black "Toma, Katarzyna"]
[Result "1/2-1/2"]
[WhiteElo "2241"]
[BlackElo "2293"]
[Annotator "ChessBase"]
[PlyCount "56"]
[EventDate "2020.01.11"]
[EventCountry "ENG"]
[SourceTitle "playchess.com"]
[Source "ChessBase"]
[SourceQuality "1"]
[TimeControl "40/6000:3000+30"]

1. Nf3 {[%emt 0:00:00]} Nf6 {[%emt 0:00:00]} 2. c4 {[%emt 0:00:00]} g6 {[%emt 0:00:00]} 3. Nc3 {[%emt 0:00:00]} d5 {[%emt 0:00:00]} 4. cxd5 {[%emt 0:00:00]} Nxd5 {[%emt 0:00:00]} 5. Qb3 {[%emt 0:00:00]} Nb6 {[%emt 0:01:02]} 6. d4 {[%emt 0:00:00]} Bg7 {[%emt 0:00:00]} 7. Bf4 {[%emt 0:00:00]} O-O {[%emt 0:03:46]} 8. Rd1 {[%emt 0:06:27]} Be6 {[%emt 0:19:37]} 9. Qa3 {[%emt 0:12:28]} c6 {[%emt 0:19:06]} 10. e4 {[%emt 0:02:11]} N8d7 {[%emt 0:04:27]} 11. h4 {[%emt 0:02:25]} h5 {[%emt 0:00:47]} 12. Ng5 {[%emt 0:05:27]} Bc4 {[%emt 0:00:48]} 13. Bxc4 {[%emt 0:01:06]} Nxc4 {[%emt 0:00:00]} 14. Qb3 {[%emt 0:00:57]} b5 {[%emt 0:02:33]} 15. e5 {[%emt 0:14:14]} Ndb6 {[%emt 0:00:37]} 16. Qc2 {[%emt 0:09:58]} Nd5 {[%emt 0:10:11]} 17. Nxd5 {[%emt 0:10:58]} Qxd5 {[%emt 0:00:00]} 18. O-O {[%emt 0:00:46]} f6 {[%emt 0:09:10]} 19. Nf3 {[%emt 0:05:44]} Kh7 {[%emt 0:10:32]} 20. Rfe1 {[%emt 0:01:44]} Rfd8 {[%emt 0:00:00]} 21. Rc1 {[%emt 0:07:02]} Rac8 {[%emt 0:00:00]} 22. b3 {[%emt 0:00:41]} Nb6 {[%emt 0:00:00]} 23. Qb1 {[%emt 0:06:24]} Qd7 {[%emt 0:00:16]} 24. e6 {[%emt 0:01:09]} Qb7 {[%emt 0:00:05]} 25. Re5 {[%emt 0:01:13]} fxe5 {[%emt 0:07:39]} 26. Ng5+ {[%emt 0:00:00]} Kh6 {[%emt 0:00:00]} 27. Nf7+ {[%emt 0:00:00]} Kh7 {[%emt 0:00:00]} 28. Ng5+ {[%emt 0:02:29]} Kh6 {[%emt 0:00:00]} 1/2-1/2

[Event "4NCL 2019-20"]
[Site "Daventry"]
[Date "2020.02.08"]
[Round "5"]
[White "Connell, Blair N"]
[Black "Ledger, Stephen C"]
[Result "1/2-1/2"]
[WhiteElo "2239"]
[BlackElo "2013"]
[Annotator "ChessBase"]
[PlyCount "71"]
[EventDate "2020.01.11"]
[EventCountry "ENG"]
[SourceTitle "playchess.com"]
[Source "ChessBase"]
[SourceQuality "1"]
[TimeControl "40/6000:3000+30"]

1. d4 {[%emt 0:00:56]} Nf6 {[%emt 0:00:00]} 2. Nc3 {[%emt 0:00:47]} d5 {[%emt 0:00:00]} 3. Bf4 {[%emt 0:00:02]} e6 {[%emt 0:02:29]} 4. e3 {[%emt 0:00:11]} a6 {[%emt 0:00:36]} 5. Bd3 {[%emt 0:00:28]} c5 {[%emt 0:02:19]} 6. Nf3 {[%emt 0:03:40]} Nc6 {[%emt 0:00:09]} 7. O-O {[%emt 0:00:28]} Bd6 {[%emt 0:06:07]} 8. dxc5 {[%emt 0:00:11]} Bxc5 {[%emt 0:04:17]} 9. e4 {[%emt 0:00:08]} dxe4 {[%emt 0:09:40]} 10. Nxe4 {[%emt 0:00:58]} Nxe4 {[%emt 0:01:00]} 11. Bxe4 {[%emt 0:00:00]} Qxd1 {[%emt 0:03:43]} 12. Rfxd1 {[%emt 0:00:00]} f6 {[%emt 0:05:08]} 13. Bd6 {[%emt 0:08:03]} Ba7 {[%emt 0:03:43]} 14. a4 {[%emt 0:09:34]} Bd7 {[%emt 0:02:33]} 15. b4 {[%emt 0:04:36]} Bb8 {[%emt 0:12:38]} 16. b5 {[%emt 0:00:51]} Nd8 {[%emt 0:07:42]} 17. bxa6 {[%emt 0:04:27]} Bxd6 {[%emt 0:02:50]} 18. axb7 {[%emt 0:00:18]} Nxb7 {[%emt 0:00:30]} 19. Bxb7 {[%emt 0:02:06]} Ra7 {[%emt 0:00:29]} 20. Rxd6 {[%emt 0:18:36]} Rxb7 {[%emt 0:00:00]} 21. Rd3 {[%emt 0:15:50]} Ke7 {[%emt 0:02:24]} 22. Rda3 {[%emt 0:04:23]} Rc8 {[%emt 0:01:18]} 23. Ne1 {[%emt 0:00:25]} Ra7 {[%emt 0:02:26]} 24. a5 {[%emt 0:00:35]} Bb5 {[%emt 0:01:47]} 25. f3 {[%emt 0:03:09]} Rc5 {[%emt 0:01:34]} 26. Kf2 {[%emt 0:02:29]} Kd6 {[%emt 0:01:52]} 27. f4 {[%emt 0:03:56]} Ba6 {[%emt 0:03:37]} 28. Ke3 {[%emt 0:00:20]} e5 {[%emt 0:01:38]} 29. fxe5+ {[%emt 0:05:41]} Rxe5+ {[%emt 0:00:00]} 30. Kf3 {[%emt 0:01:40]} Rae7 {[%emt 0:04:21]} 31. Rd1+ {[%emt 0:01:19]} Kc7 {[%emt 0:02:26]} 32. Rc3+ {[%emt 0:00:00]} Kb8 {[%emt 0:01:17]} 33. Rd8+ {[%emt 0:01:37]} Ka7 {[%emt 0:00:00]} 34. Nd3 {[%emt 0:00:00]} Bb7+ {[%emt 0:04:41]} 35. Kf4 {[%emt 0:00:00]} g5+ {[%emt 0:02:32]} 36. Kg3 {[%emt 0:00:00]} 1/2-1/2

[Event "4NCL 2019-20"]
[Site "Daventry"]
[Date "2020.02.08"]
[Round "5"]
[White "House, Glenn L"]
[Black "Jackson, James P"]
[Result "0-1"]
[WhiteElo "2239"]
[BlackElo "2392"]
[Annotator "ChessBase"]
[PlyCount "64"]
[EventDate "2020.01.11"]
[EventCountry "ENG"]
[SourceTitle "playchess.com"]
[Source "ChessBase"]
[SourceQuality "1"]
[TimeControl "40/6000:3000+30"]

1. Nf3 {[%emt 0:00:00]} g6 {[%emt 0:00:00]} 2. e4 {[%emt 0:00:00]} Bg7 {[%emt 0:00:00]} 3. d3 {[%emt 0:00:00]} e5 {[%emt 0:00:23]} 4. g3 {[%emt 0:00:00]} Ne7 {[%emt 0:00:00]} 5. Bg2 {[%emt 0:00:00]} O-O {[%emt 0:00:00]} 6. O-O {[%emt 0:00:00]} d6 {[%emt 0:00:00]} 7. c3 {[%emt 0:00:00]} c5 {[%emt 0:00:25]} 8. a3 {[%emt 0:00:00]} Nbc6 {[%emt 0:04:38]} 9. b4 {[%emt 0:00:00]} b6 {[%emt 0:00:11]} 10. b5 {[%emt 0:00:00]} Na5 {[%emt 0:04:55]} 11. c4 {[%emt 0:00:00]} f5 {[%emt 0:04:18]} 12. Nc3 {[%emt 0:04:42]} Rb8 {[%emt 0:12:50]} 13. Bg5 {[%emt 0:08:32]} h6 {[%emt 0:07:16]} 14. Bxe7 {[%emt 0:05:23]} Qxe7 {[%emt 0:00:00]} 15. Nd5 {[%emt 0:00:17]} Qf7 {[%emt 0:00:00]} 16. Nh4 {[%emt 0:06:35]} Be6 17. exf5 {[%emt 0:00:00]} gxf5 18. Rb1 {[%emt 0:00:00]} Bf6 19. Nxf6+ {[%emt 0:00:00]} Qxf6 20. Qh5 {[%emt 0:00:00]} Rbe8 21. f4 {[%emt 0:00:00]} e4 22. Rbe1 {[%emt 0:00:00]} exd3 23. Rxe6 {[%emt 0:00:00]} Rxe6 24. Bd5 {[%emt 0:00:00]} Kg7 25. Nxf5+ {[%emt 0:00:00]} Kh7 26. Bxe6 {[%emt 0:00:00]} Qxe6 27. g4 {[%emt 0:00:00]} Nxc4 28. Qh3 {[%emt 0:00:00]} Rxf5 29. gxf5 {[%emt 0:00:00]} Qe3+ 30. Kg2 {[%emt 0:00:00]} Qxh3+ 31. Kxh3 {[%emt 0:00:00]} Ne3 32. Rg1 {[%emt 0:00:00]} d2 0-1

[Event "4NCL 2019-20"]
[Site "Daventry"]
[Date "2020.02.08"]
[Round "5"]
[White "Carleton, John J"]
[Black "Cox, John J"]
[Result "0-1"]
[WhiteElo "2238"]
[BlackElo "2308"]
[Annotator "RC"]
[PlyCount "60"]
[EventDate "2020.01.11"]
[EventCountry "ENG"]
[SourceTitle "playchess.com"]
[Source "ChessBase"]
[SourceQuality "1"]
[TimeControl "40/6000:3000+30"]

1. d4 {[%emt 0:00:00]} e6 {[%emt 0:01:46]} 2. c4 {[%emt 0:00:41]} Bb4+ {[%emt 0:00:00]} 3. Bd2 {[%emt 0:01:28]} Bxd2+ {[%emt 0:00:00]} 4. Qxd2 {[%emt 0:01:32]} d5 {[%emt 0:00:00]} 5. Nc3 {[%emt 0:02:23]} Nf6 {[%emt 0:00:39]} 6. e3 {[%emt 0:01:21]} O-O {[%emt 0:00:00]} 7. Nf3 {[%emt 0:01:39]} Qe7 {[%emt 0:00:00]} 8. Rc1 {[%emt 0:05:01]} Rd8 {[%emt 0:01:17]} 9. cxd5 exd5 {[%emt 0:14:47]} 10. Bd3 {[%emt 0:18:23]} c6 {[%emt 0:00:00]} 11. Ne5 {[%emt 0:00:00]} Ng4 {[%emt 0:00:00]} 12. f4 {[%emt 0:00:00]} Nxe5 {[%emt 0:00:00]} 13. fxe5 {[%emt 0:00:00]} f6 {[%emt 0:00:00]} 14. exf6 {[%emt 0:00:00]} Qxf6 {[%emt 0:00:00]} 15. Rf1 {[%emt 0:00:00]} Qh4+ {[%emt 0:00:00]} 16. g3 {[%emt 0:00:00]} Qe7 {[%emt 0:00:00]} 17. Rf4 {[%emt 0:00:00]} g5 {[%emt 0:00:00]} 18. Rf2 {[%emt 0:00:00]} Bg4 {[%emt 0:00:00]} 19. e4 {[%emt 0:00:00]} Nd7 {[%emt 0:00:00]} 20. Kf1 {[%emt 0:00:00]} Rf8 {[%emt 0:00:00]} 21. Kg1 {[%emt 0:00:00]} Rxf2 {[%emt 0:00:00]} 22. Qxf2 {[%emt 0:00:00]} Rf8 {[%emt 0:00:00]} 23. Qd2 {[%emt 0:00:00]} Qg7 {[%emt 0:00:00]} 24. e5 {[%emt 0:00:00]} c5 {[%emt 0:00:00]} 25. Be2 {[%emt 0:00:00]} Bxe2 {[%emt 0:00:00]} 26. Nxe2 {[%emt 0:00:00]} cxd4 {[%emt 0:00:00]} 27. e6 {[%emt 0:00:00]} Ne5 {[%emt 0:00:00]} 28. Nxd4 {[%emt 0:00:00]} Qf6 {[%emt 0:00:00]} 29. Kg2 {[%emt 0:00:00]} Nc4 {[%emt 0:00:00]} 30. Rxc4 {[%emt 0:00:00]} Qf1# {[%emt 0:00:00]} 0-1

[Event "4NCL 2019-20"]
[Site "Daventry"]
[Date "2020.02.08"]
[Round "5"]
[White "Weller, Jean-Luc"]
[Black "Pedersen, Carsten"]
[Result "1/2-1/2"]
[WhiteElo "2230"]
[BlackElo "2073"]
[Annotator "ChessBase"]
[PlyCount "67"]
[EventDate "2020.01.11"]
[EventCountry "ENG"]
[SourceTitle "playchess.com"]
[Source "ChessBase"]
[SourceQuality "1"]
[TimeControl "40/6000:3000+30"]

1. d4 {[%emt 0:00:00]} Nf6 {[%emt 0:00:00]} 2. c4 {[%emt 0:00:00]} e6 {[%emt 0:00:00]} 3. Nc3 {[%emt 0:00:00]} Bb4 {[%emt 0:00:00]} 4. Qc2 {[%emt 0:00:00]} Nc6 {[%emt 0:00:00]} 5. Nf3 {[%emt 0:00:00]} d6 {[%emt 0:00:00]} 6. Bd2 {[%emt 0:00:28]} O-O {[%emt 0:00:00]} 7. a3 {[%emt 0:00:16]} Bxc3 {[%emt 0:00:00]} 8. Bxc3 {[%emt 0:00:00]} Qe7 {[%emt 0:00:00]} 9. e3 {[%emt 0:14:15]} e5 {[%emt 0:00:00]} 10. Be2 {[%emt 0:28:19]} Bg4 {[%emt 0:23:29]} 11. O-O {[%emt 0:00:00]} Rfe8 {[%emt 0:17:55]} 12. b4 {[%emt 0:00:00]} e4 {[%emt 0:01:57]} 13. Ne1 {[%emt 0:00:00]} Bxe2 {[%emt 0:00:12]} 14. Qxe2 {[%emt 0:00:00]} d5 {[%emt 0:00:08]} 15. b5 {[%emt 0:04:38]} Nd8 {[%emt 0:00:00]} 16. Nc2 {[%emt 0:15:36]} dxc4 {[%emt 0:16:07]} 17. Qxc4 {[%emt 0:00:39]} Qe6 {[%emt 0:01:40]} 18. Qxe6 {[%emt 0:01:56]} Nxe6 {[%emt 0:00:00]} 19. f3 {[%emt 0:00:03]} a5 {[%emt 0:18:24]} 20. Be1 {[%emt 0:02:56]} Nf8 {[%emt 0:03:57]} 21. Bg3 {[%emt 0:08:18]} Rac8 {[%emt 0:13:10]} 22. a4 {[%emt 0:10:23]} N8d7 23. Na3 {[%emt 0:05:50]} Nb6 {[%emt 0:01:21]} 24. Be5 {[%emt 0:00:14]} Nfd7 {[%emt 0:00:36]} 25. Bf4 {[%emt 0:00:00]} f6 26. Rac1 {[%emt 0:00:00]} c5 27. Nc4 {[%emt 0:01:38]} Nxc4 28. Rxc4 {[%emt 0:03:38]} exf3 {[%emt 0:00:00]} 29. Rxf3 {[%emt 0:00:48]} cxd4 {[%emt 0:00:00]} 30. Rxd4 {[%emt 0:00:00]} Nc5 {[%emt 0:00:00]} 31. h4 {[%emt 0:00:00]} Ne6 {[%emt 0:00:00]} 32. Rd7 {[%emt 0:00:00]} Nc5 {[%emt 0:00:00]} 33. Rd4 {[%emt 0:00:00]} Ne6 {[%emt 0:00:00]} 34. Rd7 {[%emt 0:00:00]} 1/2-1/2

[Event "4NCL 2019-20"]
[Site "Daventry"]
[Date "2020.02.08"]
[Round "5"]
[White "Hill, Alistair"]
[Black "Tan, Justin"]
[Result "1/2-1/2"]
[WhiteElo "2217"]
[BlackElo "2511"]
[Annotator "ChessBase"]
[PlyCount "101"]
[EventDate "2020.01.11"]
[EventCountry "ENG"]
[SourceTitle "playchess.com"]
[Source "ChessBase"]
[SourceQuality "1"]
[TimeControl "40/6000:3000+30"]

1. Nf3 {[%emt 0:00:00]} d5 {[%emt 0:06:51]} 2. c4 {[%emt 0:00:00]} e6 {[%emt 0:00:00]} 3. g3 {[%emt 0:00:00]} dxc4 {[%emt 0:01:57]} 4. Bg2 {[%emt 0:00:00]} Nf6 {[%emt 0:01:09]} 5. O-O {[%emt 0:00:00]} a6 {[%emt 0:01:06]} 6. Qc2 {[%emt 0:03:47]} b5 {[%emt 0:02:31]} 7. Rd1 {[%emt 0:06:29]} Bb7 {[%emt 0:03:40]} 8. d3 {[%emt 0:00:00]} cxd3 {[%emt 0:00:00]} 9. Rxd3 {[%emt 0:00:00]} Bd6 {[%emt 0:00:00]} 10. Ne5 {[%emt 0:08:24]} Bxg2 {[%emt 0:00:00]} 11. Kxg2 {[%emt 0:00:00]} O-O {[%emt 0:03:26]} 12. Rd1 {[%emt 0:07:08]} Qe8 {[%emt 0:02:02]} 13. Nf3 {[%emt 0:00:46]} Qc6 {[%emt 0:00:07]} 14. Qxc6 {[%emt 0:02:06]} Nxc6 {[%emt 0:00:00]} 15. Nc3 {[%emt 0:00:29]} Rfd8 {[%emt 0:02:11]} 16. Bg5 {[%emt 0:00:00]} h6 {[%emt 0:07:45]} 17. Bxf6 {[%emt 0:00:06]} gxf6 {[%emt 0:00:00]} 18. Rac1 {[%emt 0:02:19]} f5 {[%emt 0:11:53]} 19. e4 {[%emt 0:15:18]} fxe4 {[%emt 0:05:15]} 20. Nxe4 {[%emt 0:00:00]} Nb4 {[%emt 0:00:00]} 21. a4 {[%emt 0:06:24]} Nd5 {[%emt 0:03:25]} 22. Nd4 {[%emt 0:03:36]} b4 {[%emt 0:09:28]} 23. Nc6 {[%emt 0:00:37]} Re8 {[%emt 0:00:17]} 24. Rc2 {[%emt 0:13:47]} Bf8 {[%emt 0:00:32]} 25. a5 {[%emt 0:07:32]} Kg7 {[%emt 0:08:31]} 26. Kf3 {[%emt 0:01:29]} Bd6 {[%emt 0:00:42]} 27. Rc4 {[%emt 0:00:52]} Rec8 {[%emt 0:03:00]} 28. Nc5 {[%emt 0:02:21]} h5 {[%emt 0:01:07]} 29. Nd3 {[%emt 0:00:23]} b3 {[%emt 0:00:47]} 30. Nc1 {[%emt 0:00:09]} Ne7 {[%emt 0:00:08]} 31. Rd3 {[%emt 0:01:39]} Nxc6 {[%emt 0:02:39]} 32. Rxc6 {[%emt 0:00:00]} Rcb8 {[%emt 0:01:52]} 33. Rxb3 {[%emt 0:03:49]} Rxb3+ {[%emt 0:01:41]} 34. Nxb3 {[%emt 0:00:00]} Rb8 {[%emt 0:00:00]} 35. Nc5 {[%emt 0:00:00]} Rxb2 {[%emt 0:00:00]} 36. Nxa6 {[%emt 0:00:00]} Ra2 {[%emt 0:00:28]} 37. Nxc7 {[%emt 0:00:00]} Be5 {[%emt 0:00:00]} 38. Nb5 {[%emt 0:00:34]} Rxa5 {[%emt 0:00:00]} 39. Nd6 {[%emt 0:02:22]} Ra2 {[%emt 0:02:39]} 40. Nc4 {[%emt 0:00:00]} Bd4 {[%emt 0:00:00]} 41. Ne3 {[%emt 0:49:42]} Kg6 {[%emt 0:50:20]} 42. Rc2 {[%emt 0:03:31]} Ra3 {[%emt 0:00:36]} 43. Ke4 {[%emt 0:01:56]} Ba7 {[%emt 0:01:07]} 44. Nc4 {[%emt 0:01:14]} Ra4 {[%emt 0:00:01]} 45. Kf3 {[%emt 0:00:21]} Bd4 {[%emt 0:00:35]} 46. Kg2 {[%emt 0:01:18]} f6 {[%emt 0:00:35]} 47. Nd2 {[%emt 0:00:25]} Ra3 {[%emt 0:00:34]} 48. Nf3 {[%emt 0:00:00]} Bc3 {[%emt 0:00:00]} 49. Re2 {[%emt 0:00:00]} Ra6 {[%emt 0:00:00]} 50. Rc2 {[%emt 0:00:00]} Ra3 {[%emt 0:00:00]} 51. Re2 {[%emt 0:00:00]} 1/2-1/2

[Event "4NCL 2019-20"]
[Site "Daventry"]
[Date "2020.02.08"]
[Round "5"]
[White "Townsend, M Paul"]
[Black "Zulfic, Fedja"]
[Result "1/2-1/2"]
[WhiteElo "2217"]
[BlackElo "2156"]
[Annotator "ChessBase"]
[PlyCount "81"]
[EventDate "2020.01.11"]
[EventCountry "ENG"]
[SourceTitle "playchess.com"]
[Source "ChessBase"]
[SourceQuality "1"]
[TimeControl "40/6000:3000+30"]

1. Nf3 {[%emt 0:00:00]} g6 {[%emt 0:00:00]} 2. c4 {[%emt 0:00:00]} c5 {[%emt 0:03:29]} 3. g3 {[%emt 0:02:20]} Bg7 {[%emt 0:00:00]} 4. Bg2 {[%emt 0:00:00]} Nc6 {[%emt 0:00:13]} 5. Nc3 {[%emt 0:00:00]} e6 {[%emt 0:10:00]} 6. d3 {[%emt 0:01:04]} d5 {[%emt 0:02:41]} 7. Bg5 {[%emt 0:06:18]} f6 {[%emt 0:02:37]} 8. cxd5 {[%emt 0:06:21]} exd5 {[%emt 0:09:45]} 9. Bd2 Nge7 {[%emt 0:10:14]} 10. O-O {[%emt 0:03:39]} Be6 {[%emt 0:23:09]} 11. e4 {[%emt 0:15:01]} Qd7 {[%emt 0:00:00]} 12. exd5 {[%emt 0:45:45]} Nxd5 {[%emt 0:00:00]} 13. Qa4 {[%emt 0:00:00]} O-O {[%emt 0:00:00]} 14. Rad1 {[%emt 0:02:23]} Ndb4 {[%emt 0:06:12]} 15. Be3 {[%emt 0:04:42]} Nxd3 {[%emt 0:09:40]} 16. Qa3 {[%emt 0:02:45]} c4 {[%emt 0:03:50]} 17. b3 {[%emt 0:01:30]} Rfd8 {[%emt 0:04:22]} 18. bxc4 {[%emt 0:01:35]} Bxc4 {[%emt 0:00:00]} 19. Ne4 {[%emt 0:00:42]} Qe7 {[%emt 0:05:01]} 20. Qxe7 {[%emt 0:00:25]} Nxe7 {[%emt 0:00:00]} 21. Rb1 {[%emt 0:04:00]} Nf5 {[%emt 0:01:11]} 22. Nfd2 {[%emt 0:00:08]} Bxa2 {[%emt 0:02:44]} 23. Rxb7 {[%emt 0:00:00]} Nxe3 {[%emt 0:03:46]} 24. fxe3 {[%emt 0:00:00]} f5 {[%emt 0:00:33]} 25. Ng5 {[%emt 0:00:00]} Nc5 {[%emt 0:00:00]} 26. Rc7 {[%emt 0:00:00]} Bd5 {[%emt 0:00:00]} 27. Ngf3 {[%emt 0:00:11]} Bh6 {[%emt 0:00:00]} 28. Kf2 {[%emt 0:00:00]} Nd3+ {[%emt 0:00:00]} 29. Ke2 {[%emt 0:00:00]} Be4 {[%emt 0:00:00]} 30. Nxe4 {[%emt 0:00:00]} fxe4 {[%emt 0:00:00]} 31. Nd2 {[%emt 0:00:00]} Rac8 {[%emt 0:00:00]} 32. Rxc8 {[%emt 0:00:00]} Rxc8 {[%emt 0:00:00]} 33. Bxe4 {[%emt 0:00:36]} Ne5 {[%emt 0:00:00]} 34. Rb1 {[%emt 0:00:00]} Ng4 {[%emt 0:00:00]} 35. Nf1 {[%emt 0:00:00]} Rf8 {[%emt 0:00:00]} 36. h3 {[%emt 0:00:03]} Nf6 {[%emt 0:00:00]} 37. Bd3 {[%emt 0:00:00]} Kh8 {[%emt 0:00:00]} 38. Rb7 {[%emt 0:00:00]} Nd5 {[%emt 0:00:01]} 39. Rxa7 {[%emt 0:00:00]} Nxe3 {[%emt 0:00:00]} 40. Nxe3 {[%emt 0:00:00]} Re8 {[%emt 0:00:00]} 41. Ra3 {[%emt 0:02:39]} 1/2-1/2